[Event "Tournament of Champions"]
[Site "Winnipeg CAN"]
[Date "2014.12.09"]
[Round "5.6"]
[White "Liebzeit, Mick"]
[Black "Lauritson, Jim"]
[Result "1/2-1/2"]
[WhiteElo "1902"]
[BlackElo "2027"]
[PlyCount "94"]
[EventDate "2014.11.04"]
[EventType "team"]
[EventRounds "6"]
[EventCountry "CAN"]

1. e4 c6 2. d4 d5 3. Nc3 dxe4 4. Nxe4 Bf5 5. Ng3 Bg6 6. h4 h6 7. Nf3 e6 8. Ne5
Bh7 9. Be3 Nd7 10. Bd3 Bxd3 11. Nxd3 Ngf6 12. c4 Qa5+ 13. Bd2 Qc7 14. O-O Bd6
15. Ne2 O-O 16. c5 Be7 17. Bf4 Qd8 18. g3 Nd5 19. Bd2 Bf6 20. Ndf4 Nxf4 21.
Bxf4 e5 22. Be3 exd4 23. Nxd4 Ne5 24. Qb3 Qd7 25. Kg2 Rfd8 26. Rad1 Qd5+ 27.
Qxd5 Rxd5 28. Nf5 Rad8 29. Rd4 Nd3 30. Rxd5 Rxd5 31. Nd6 Nxc5 32. Bxc5 Rxc5 33.
Ne4 Rc2 34. Nxf6+ gxf6 35. Rb1 f5 36. Kf3 Kg7 37. a4 Rc4 38. b4 b6 39. Ke3 Rc3+
40. Kf4 Kg6 41. f3 Ra3 42. Rc1 Rxa4 43. Rxc6+ f6 44. h5+ Kxh5 45. Rxf6 Rxb4+
46. Kxf5 Rb5+ 47. Kf4 Rb4+ 1/2-1/2

[Event "Tournament of Champions"]
[Site "Winnipeg CAN"]
[Date "2014.12.09"]
[Round "5.6"]
[White "Lipnowski, Samuel"]
[Black "Kernetsky, Myron"]
[Result "1-0"]
[WhiteElo "2228"]
[BlackElo "1898"]
[PlyCount "65"]
[EventDate "2014.11.04"]
[EventType "team"]
[EventRounds "6"]
[EventCountry "CAN"]

1. e4 e6 2. d4 d5 3. Nd2 Nf6 4. e5 Nfd7 5. f4 c5 6. Ngf3 Nc6 7. Nb3 Be7 8. Be2
cxd4 9. Nfxd4 Nb6 10. O-O O-O 11. Kh1 f6 12. exf6 Bxf6 13. c3 e5 14. fxe5 Nxe5
15. Bf4 Qe7 16. Qc2 Bd7 17. Rae1 Rae8 18. Bd3 g6 19. Nf3 Qg7 20. Nxe5 Bxe5 21.
Bxe5 Rxf1+ 22. Rxf1 Rxe5 23. Qf2 Qe7 24. Nd4 Re3 25. Be2 Kg7 26. Bf3 Re5 27.
Nc2 Bf5 28. Nb4 Be4 29. Qd4 Kg8 30. Nd3 Rf5 31. Ne1 Qf7 32. Rg1 Qe6 33. Bg4 1-0

[Event "Tournament of Champions"]
[Site "Winnipeg CAN"]
[Date "2014.12.09"]
[Round "5.6"]
[White "Wasserman, Leor"]
[Black "Campbell, Jamie"]
[Result "1-0"]
[WhiteElo "2021"]
[BlackElo "1803"]
[PlyCount "73"]
[EventDate "2014.11.04"]
[EventType "team"]
[EventRounds "6"]
[EventCountry "CAN"]

1. e4 b6 2. d4 Bb7 3. Nc3 e6 4. Nf3 Bb4 5. Bd3 Ne7 6. O-O O-O 7. Bg5 h6 8. Bh4
Bxc3 9. bxc3 Qe8 10. Re1 f5 11. Bxe7 Qxe7 12. exf5 Qf6 13. fxe6 dxe6 14. Re3
Nc6 15. Qe2 Rae8 16. Re1 Nd8 17. Ne5 Bc8 18. Rf3 Qg5 19. Rg3 Qf6 20. Ng4 Qg5
21. Ne5 Qf6 22. Rg6 Qe7 23. Bb5 c6 24. Nxc6 Nxc6 25. Bxc6 Rd8 26. Rg3 Qa3 27.
Qe5 Rf7 28. Qh5 Qxa2 29. Be4 Bb7 30. Bxb7 Rxb7 31. Qxh6 Qxc2 32. Qxe6+ Rf7 33.
Rf3 Rdf8 34. d5 Qd2 35. h3 a5 36. Re4 a4 37. Ref4 1-0

[Event "Tournament of Champions"]
[Site "Winnipeg CAN"]
[Date "2014.12.09"]
[Round "5.6"]
[White "Wolchock, Theo"]
[Black "Atem, James"]
[Result "1/2-1/2"]
[WhiteElo "1963"]
[BlackElo "1914"]
[PlyCount "95"]
[EventDate "2014.11.04"]
[EventType "team"]
[EventRounds "6"]
[EventCountry "CAN"]

1. c4 e5 2. g3 d5 3. cxd5 Qxd5 4. Nf3 Nc6 5. Bg2 Bc5 6. Nc3 Qd8 7. O-O Nf6 8.
d3 O-O 9. Bg5 h6 10. Bxf6 Qxf6 11. Ne4 Qe7 12. Nxc5 Qxc5 13. Rc1 Qb6 14. Qc2
Be6 15. a3 Rac8 16. Qc3 f6 17. Rfd1 Rfd8 18. b4 a6 19. Qc5 Qxc5 20. Rxc5 Ne7
21. Rdc1 c6 22. Nd2 Nf5 23. Nf3 Nd6 24. Nd2 Nb5 25. a4 Nd4 26. Kf1 Rb8 27. R5c3
Bd5 28. Bxd5+ Rxd5 29. Nb3 Nxb3 30. Rxb3 Rbd8 31. Rbc3 Kf7 32. Rc5 Ke6 33. f3
Rxc5 34. Rxc5 Rd5 35. Rc3 Rd4 36. Rc4 f5 37. Kf2 Kd5 38. e4+ fxe4 39. fxe4+ Kd6
40. Ke3 Rxc4 41. dxc4 h5 42. h3 b6 43. Kd3 g5 44. g4 h4 45. Kc3 a5 46. bxa5
bxa5 47. Kd3 Kc5 48. Kc3 1/2-1/2

[Event "Tournament of Champions"]
[Site "Winnipeg CAN"]
[Date "2014.12.16"]
[Round "6.6"]
[White "Andraschko, Felix"]
[Black "Wasserman, Leor"]
[Result "1/2-1/2"]
[WhiteElo "2161"]
[BlackElo "2021"]
[PlyCount "43"]
[EventDate "2014.11.04"]
[EventType "team"]
[EventRounds "6"]
[EventCountry "CAN"]

1. Nf3 Nf6 2. c4 c5 3. Nc3 Nc6 4. d4 cxd4 5. Nxd4 Qb6 6. Nb3 e6 7. a3 Be7 8. e4
Na5 9. Nxa5 Qxa5 10. Bd2 Qc7 11. Bd3 O-O 12. Qe2 d6 13. O-O Bd7 14. f4 Rad8 15.
Nb5 Bxb5 16. cxb5 d5 17. exd5 Bc5+ 18. Kh1 Rxd5 19. Bc3 Bd4 20. Rac1 Bxc3 21.
Rxc3 Qd6 22. Qf3 1/2-1/2

[Event "Tournament of Champions"]
[Site "Winnipeg CAN"]
[Date "2014.12.16"]
[Round "6.6"]
[White "Atem, James"]
[Black "Kernetsky, Myron"]
[Result "1-0"]
[WhiteElo "1914"]
[BlackElo "1898"]
[PlyCount "67"]
[EventDate "2014.11.04"]
[EventType "team"]
[EventRounds "6"]
[EventCountry "CAN"]

1. d4 Nf6 2. c4 e6 3. Nf3 b6 4. Bg5 Bb7 5. Nbd2 Be7 6. e3 c5 7. Bd3 O-O 8. Qc2
h6 9. Bh4 cxd4 10. exd4 Nc6 11. a3 d5 12. cxd5 Nxd5 13. Bxe7 Qxe7 14. O-O Rac8
15. Qa4 Rfd8 16. Rfc1 Nf4 17. Bb5 Qd6 18. Ne4 Qd5 19. Nc3 Qf5 20. Ne2 Nxe2+ 21.
Bxe2 Qe4 22. Bf1 Rd6 23. Re1 Qf5 24. Rac1 Rcd8 25. Rc3 Qf6 26. g3 Nxd4 27. Nxd4
Rxd4 28. Qxa7 Rd2 29. Qxb6 Qf5 30. Rc7 R8d6 31. Qa7 Ra6 32. Qe3 Rxb2 33. Rxb7
Rxb7 34. Bxa6 1-0

[Event "Tournament of Champions"]
[Site "Winnipeg CAN"]
[Date "2014.12.16"]
[Round "6.6"]
[White "Bince, Rolando"]
[Black "Lipnowski, Samuel"]
[Result "0-1"]
[WhiteElo "2015"]
[BlackElo "2228"]
[PlyCount "86"]
[EventDate "2014.11.04"]
[EventType "team"]
[EventRounds "6"]
[EventCountry "CAN"]

1. f4 d5 2. Nf3 Nf6 3. b3 g6 4. Bb2 Bg7 5. g3 O-O 6. Bg2 c6 7. d3 Ng4 8. d4 Ne3
9. Qd2 Nxg2+ 10. Kf2 Nxf4 11. gxf4 Bf5 12. h4 h5 13. Qe3 Nd7 14. c3 Nf6 15. Kg2
Qd7 16. Nbd2 Ng4 17. Qg1 Qe6 18. Re1 Ne3+ 19. Kg3 Nc2 20. Ng5 Qe3+ 21. Qxe3
Nxe3 22. Nf1 Nxf1+ 23. Rhxf1 e6 24. Ba3 Rfe8 25. e3 a5 26. Rf2 a4 27. b4 f6 28.
Nf3 b5 29. Bc1 Ra7 30. a3 Rd7 31. Bd2 Be4 32. Ng1 e5 33. fxe5 fxe5 34. Nh3 Bf5
35. Ng5 Rde7 36. Nf3 exd4 37. exd4 Rxe1 38. Nxe1 Be4 39. Bg5 Rf8 40. Re2 Rf5
41. Ng2 Rf3+ 42. Kh2 Rxc3 43. Re3 Rc2 0-1

[Event "Tournament of Champions"]
[Site "Winnipeg CAN"]
[Date "2014.12.16"]
[Round "6.6"]
[White "Boron, Anthony"]
[Black "Liebzeit, Mick"]
[Result "1-0"]
[WhiteElo "2005"]
[BlackElo "1902"]
[PlyCount "85"]
[EventDate "2014.11.04"]
[EventType "team"]
[EventRounds "6"]
[EventCountry "CAN"]

1. e4 Nf6 2. e5 Nd5 3. c4 Nb6 4. d4 d6 5. exd6 exd6 6. Nc3 Nc6 7. Be3 Be7 8.
Bd3 Bf6 9. Nge2 Qe7 10. Nd5 Nxd5 11. cxd5 Nb8 12. O-O Bg4 13. Re1 Nd7 14. Qc2
Nb6 15. Nc3 O-O-O 16. b4 Rde8 17. Kf1 Bg5 18. Bf5+ Kb8 19. Bxg4 Bxe3 20. Rxe3
Qg5 21. Rxe8+ Rxe8 22. Bf3 Qh4 23. Nb5 Rc8 24. h3 a6 25. Bg4 axb5 26. Bxc8 Kxc8
27. Rc1 Nc4 28. a4 Qf6 29. Qe2 c6 30. dxc6 bxc6 31. axb5 d5 32. Rxc4 dxc4 33.
Qxc4 Kb7 34. Qxc6+ Qxc6 35. bxc6+ Kxc6 36. Ke2 Kb5 37. Ke3 Kxb4 38. Ke4 Kc4 39.
f4 f6 40. g4 h6 41. h4 g6 42. g5 fxg5 43. fxg5 1-0

[Event "Tournament of Champions"]
[Site "Winnipeg CAN"]
[Date "2014.12.16"]
[Round "6.6"]
[White "Green, Jim"]
[Black "Campbell, Jamie"]
[Result "0-1"]
[WhiteElo "1881"]
[BlackElo "1803"]
[PlyCount "83"]
[EventDate "2014.11.04"]
[EventType "team"]
[EventRounds "6"]
[EventCountry "CAN"]

1. e4 d6 2. d4 Nf6 3. f3 g6 4. Be3 Bg7 5. Nc3 O-O 6. Qd2 Re8 7. O-O-O b6 8. g4
e5 9. d5 Ba6 10. Nge2 Nbd7 11. g5 Nh5 12. Ng3 Nxg3 13. hxg3 Bxf1 14. Rdxf1 a6
15. Qh2 Nf8 16. Qh4 Qe7 17. Bd2 b5 18. a3 Reb8 19. Nd1 c6 20. Ne3 a5 21. Ng4
cxd5 22. Nf6+ Bxf6 23. gxf6 Qe6 24. Bh6 dxe4 25. Bg7 Qa2 26. Bxf8 Kxf8 27. Qxh7
Ke8 28. fxe4 b4 29. a4 Rc8 30. Kd2 Qc4 31. Rc1 Qd4+ 32. Ke2 Qxe4+ 33. Kd2 Qg2+
34. Kd1 Qf3+ 35. Ke1 Qxg3+ 36. Ke2 Qg4+ 37. Ke1 Qe4+ 38. Kd1 Qf3+ 39. Kd2 Qxf6
40. Qh3 Qf2+ 41. Kd1 Qd4+ 42. Ke1 0-1

[Event "Tournament of Champions"]
[Site "Winnipeg CAN"]
[Date "2014.12.16"]
[Round "6.6"]
[White "Lauritson, Jim"]
[Black "Gentes, Kevin"]
[Result "0-1"]
[WhiteElo "2027"]
[BlackElo "2315"]
[PlyCount "92"]
[EventDate "2014.11.04"]
[EventType "team"]
[EventRounds "6"]
[EventCountry "CAN"]

1. d4 Nf6 2. c4 g6 3. Nc3 Bg7 4. e4 O-O 5. e5 Ne8 6. Nf3 c5 7. d5 d6 8. Bf4 Bg4
9. exd6 Nxd6 10. Bd3 Qb6 11. Rb1 Qb4 12. Qb3 Bxf3 13. gxf3 Nd7 14. O-O a5 15.
Rfe1 Rfe8 16. Qc2 Qb6 17. Re2 Nf6 18. Rbe1 Nh5 19. Bg5 Bf6 20. Bc1 Qc7 21. Ne4
Nxe4 22. Rxe4 Qd7 23. Kg2 Ng7 24. R4e2 Qd6 25. Qd2 Nh5 26. Qh6 Rad8 27. Bc2 Qd7
28. h3 Ng7 29. Qd2 b6 30. Qd1 Rf8 31. Qd2 Ne8 32. Qf4 Nd6 33. b3 Rfe8 34. Bd2
Kh8 35. Kh2 Rg8 36. Qg4 Nf5 37. Bxf5 gxf5 38. Qf4 Rg6 39. Rg1 Rxg1 40. Kxg1
Rg8+ 41. Kh2 Bg5 42. Qe5+ f6 43. Qc3 Qd6+ 44. Kh1 Bxd2 45. Qxd2 Rd8 46. Re6
Qxe6 0-1

[Event "Tournoi des Commanditaires"]
[Site "Gatineau CAN"]
[Date "2014.02.25"]
[Round "1"]
[White "Legault, Stephane"]
[Black "Jobin, Gilles G"]
[Result "1/2-1/2"]
[WhiteElo "1525"]
[BlackElo "1789"]
[PlyCount "85"]
[EventDate "2014.02.25"]
[EventType "swiss"]
[EventRounds "4"]
[EventCountry "CAN"]

1. e4 g6 2. d4 Bg7 3. Nf3 d6 4. Be3 c5 5. c3 Qa5 6. Qb3 Nc6 7. Ng5 Nh6 8. dxc5
dxc5 9. Nd2 Ne5 10. Bb5+ Bd7 11. Bxd7+ Nxd7 12. O-O Qc7 13. g3 O-O 14. Qd5 e6
15. Qb3 Ng4 16. Nxe6 Qd6 17. Nxf8 Nxe3 18. fxe3 Rxf8 19. Nc4 Qe6 20. Rad1 Bh6
21. Rfe1 Qg4 22. Qxb7 Nf6 23. Rd3 Nxe4 24. Qc7 Nxg3 25. Qxg3 Qxc4 26. Red1 Qxa2
27. Qf2 Qe6 28. Kf1 c4 29. Rd6 Qh3+ 30. Ke1 Re8 31. Rd8 Rxd8 32. Rxd8+ Kg7 33.
Re8 Bg5 34. Re4 f5 35. Rxc4 f4 36. Rxf4 Bxf4 37. Qxf4 Qg2 38. Qf2 Qe4 39. Kf1
Qh1+ 40. Ke2 Qe4 41. Kf1 Qh1+ 42. Ke2 Qe4 43. Kf1 1/2-1/2

[Event "Tournoi des Commanditaires"]
[Site "Gatineau CAN"]
[Date "2014.03.04"]
[Round "2"]
[White "Guimond, Michel"]
[Black "Desjardins, Michel"]
[Result "1/2-1/2"]
[WhiteElo "1906"]
[BlackElo "1951"]
[PlyCount "62"]
[EventDate "2014.02.25"]
[EventType "swiss"]
[EventRounds "4"]
[EventCountry "CAN"]

1. e4 d5 2. exd5 Qxd5 3. Nc3 Qd6 4. d4 Nf6 5. Bc4 a6 6. Nge2 b5 7. Bb3 Bb7 8.
Bf4 Qb6 9. Qd2 Bxg2 10. O-O-O Bxh1 11. Rxh1 e6 12. d5 c5 13. dxe6 c4 14. Nd5
Nxd5 15. exf7+ Kxf7 16. Qxd5+ Qe6 17. Qxa8 Qxe2 18. Qxb8 cxb3 19. axb3 g5 20.
Bxg5 Bg7 21. Qf4+ Kg8 22. Rd1 Bxb2+ 23. Kxb2 Qxd1 24. Be7 h5 25. Qf8+ Kh7 26.
Qf7+ Kh6 27. h4 Qd4+ 28. Ka2 Qg7 29. Bg5+ Kh7 30. Qxh5+ Kg8 31. Qe8+ Kh7
1/2-1/2

[Event "Tournoi des Commanditaires"]
[Site "Gatineau CAN"]
[Date "2014.03.04"]
[Round "2"]
[White "Seguin, Hubert"]
[Black "Menard, Marc"]
[Result "1-0"]
[WhiteElo "1593"]
[BlackElo "1456"]
[PlyCount "103"]
[EventDate "2014.02.25"]
[EventType "swiss"]
[EventRounds "4"]
[EventCountry "CAN"]

1. e4 e5 2. Nf3 Nc6 3. Bb5 a6 4. Ba4 Nf6 5. O-O b5 6. Bb3 Be7 7. c3 O-O 8. Re1
Bb7 9. d4 exd4 10. cxd4 d6 11. Nbd2 a5 12. Nf1 a4 13. Bc2 Nb4 14. Bb1 Re8 15.
a3 Na6 16. Qd3 c6 17. Ng3 Nc7 18. Bg5 g6 19. h4 c5 20. d5 Ng4 21. Bxe7 Qxe7 22.
h5 Ne5 23. Qe2 Nxf3+ 24. Qxf3 Nxd5 25. Ba2 Nf6 26. hxg6 hxg6 27. Rad1 c4 28.
Bb1 Qe5 29. Re2 Rac8 30. Qc3 Re6 31. Qxe5 dxe5 32. Red2 Rec6 33. Ne2 R6c7 34.
f3 Bc6 35. Rd8+ Kg7 36. Nc3 Rxd8 37. Rxd8 Rd7 38. Rc8 Rd6 39. Kf1 g5 40. Ke1 g4
41. Rb8 Rd7 42. Nxb5 Rb7 43. Rxb7 Bxb7 44. Nc3 Bc6 45. Bc2 gxf3 46. gxf3 Kg6
47. Bxa4 Bxa4 48. Nxa4 Kg5 49. Nc3 Kf4 50. Nd5+ Nxd5 51. exd5 Kf5 52. Kd2 1-0

[Event "Tournoi des Commanditaires"]
[Site "Gatineau CAN"]
[Date "2014.03.11"]
[Round "3"]
[White "Danilov, Alex"]
[Black "Berthiaume, Serge"]
[Result "1-0"]
[WhiteElo "1843"]
[BlackElo "1500"]
[PlyCount "54"]
[EventDate "2014.02.25"]
[EventType "swiss"]
[EventRounds "4"]
[EventCountry "CAN"]

1. e4 g6 2. Nf3 Bg7 3. d4 c5 4. Be3 Nc6 5. Bc4 cxd4 6. Nxd4 Ne5 7. Bb3 Nf6 8.
f3 Qa5+ 9. Nc3 O-O 10. Qd2 Rd8 11. O-O-O a6 12. Bf4 Qc7 13. g4 d6 14. Bxe5 dxe5
15. Ndb5 Qd7 16. Qe2 Bh6+ 17. Kb1 Bd2 18. Nd5 Nxd5 19. exd5 Bf4 20. Nc3 b5 21.
Ne4 Qc7 22. Rd3 a5 23. Rc3 Qb8 24. a3 b4 25. Rc5 bxa3 26. Rb5 Qa7 27. Nc5 axb2
{.....} 1-0

[Event "Tournoi des Commanditaires"]
[Site "Gatineau CAN"]
[Date "2014.03.11"]
[Round "3"]
[White "Gagnon, Fabien"]
[Black "Laferriere, Bruno"]
[Result "1/2-1/2"]
[WhiteElo "1944"]
[BlackElo "1790"]
[PlyCount "33"]
[EventDate "2014.02.25"]
[EventType "swiss"]
[EventRounds "4"]
[EventCountry "CAN"]

1. d4 Nf6 2. Nf3 d5 3. g3 b6 4. Bg2 Bb7 5. O-O e6 6. Ne5 Nbd7 7. c4 c5 8. e3
Qc7 9. cxd5 Nxe5 10. dxe5 Nxd5 11. Nd2 O-O-O 12. Qa4 Bc6 13. Qa6+ Kb8 14. Nf3
Nb4 15. Qe2 Be7 16. Bd2 Nd3 17. Bc3 1/2-1/2

[Event "Tournoi des Commanditaires"]
[Site "Gatineau CAN"]
[Date "2014.03.11"]
[Round "3"]
[White "Labelle, Raymond"]
[Black "Piche, Guy"]
[Result "0-1"]
[WhiteElo "1310"]
[BlackElo "1707"]
[PlyCount "52"]
[EventDate "2014.02.25"]
[EventType "swiss"]
[EventRounds "4"]
[EventCountry "CAN"]

1. e4 e5 2. Nf3 d6 3. Nc3 Be7 4. Bc4 c6 5. O-O Nf6 6. h3 b5 7. Bd3 O-O 8. a3
Nbd7 9. b4 a5 10. Bb2 Bb7 11. Ne2 Nh5 12. Re1 Qb6 13. Kf1 c5 14. Nc3 c4 15. Nd5
Bxd5 16. Nxe5 Ng3+ 17. Kg1 Nxe5 18. Re3 cxd3 19. Rxg3 Bxe4 20. cxd3 Bg6 21. d4
Nc4 22. Bc3 d5 23. d3 axb4 24. dxc4 bxc3 25. c5 Bxc5 26. dxc5 Qxc5 0-1

[Event "Tournoi des Commanditaires"]
[Site "Gatineau CAN"]
[Date "2014.03.11"]
[Round "3"]
[White "Lemieux, Denis"]
[Black "Arsenault, Yves"]
[Result "1/2-1/2"]
[WhiteElo "1570"]
[BlackElo "1541"]
[PlyCount "56"]
[EventDate "2014.02.25"]
[EventType "swiss"]
[EventRounds "4"]
[EventCountry "CAN"]

1. d4 Nf6 2. c4 e6 3. Nc3 d5 4. Bg5 Be7 5. e3 O-O 6. Nf3 Nc6 7. Be2 b6 8. O-O
Re8 9. h3 Bb7 10. Bf4 a6 11. a3 h6 12. Rc1 Bd6 13. Bxd6 Qxd6 14. Qc2 e5 15.
dxe5 Nxe5 16. Nxe5 Rxe5 17. cxd5 Nxd5 18. Nxd5 Bxd5 19. Qxc7 Qf6 20. g3 Re7 21.
Qc3 Qe6 22. Bc4 Bxc4 23. Qxc4 Qxh3 24. Qd5 Rae8 25. Rc4 Re5 26. Qg2 Qe6 27. Qc6
Qh3 28. Rh4 Qe6 1/2-1/2

[Event "Tournoi des Commanditaires"]
[Site "Gatineau CAN"]
[Date "2014.03.11"]
[Round "3"]
[White "Leon, Carlos Antonio"]
[Black "Guimond, Michel"]
[Result "1-0"]
[WhiteElo "1711"]
[BlackElo "1906"]
[PlyCount "109"]
[EventDate "2014.02.25"]
[EventType "swiss"]
[EventRounds "4"]
[EventCountry "CAN"]

1. c4 e5 2. g3 Bc5 3. Bg2 Nc6 4. Nc3 a5 5. a3 f5 6. e3 Nf6 7. Nge2 e4 8. d3
exd3 9. Qxd3 Ne5 10. Qxf5 d6 11. Qc2 Bg4 12. h3 Nf3+ 13. Kf1 Bh5 14. g4 Nh4 15.
gxh5 O-O 16. Nf4 Qe8 17. Ne4 Nxg2 18. Nxf6+ Rxf6 19. Kxg2 Qc6+ 20. Kh2 Qf3 21.
Rg1 Rxf4 22. exf4 Bxf2 23. Rg2 Bh4 24. Qc3 Qxc3 25. bxc3 Bf6 26. Bd2 h6 27. Re1
Kf7 28. Rge2 Rd8 29. Rb1 b6 30. Rb5 Rb8 31. Rf5 c6 32. Be1 g6 33. hxg6+ Kxg6
34. Rxf6+ Kxf6 35. Kg3 Rg8+ 36. Kf3 Rg1 37. Kf2 Rg8 38. Bd2 h5 39. Be3 c5 40.
Kf3 Kf5 41. Bf2 a4 42. Re7 Rb8 43. Rh7 b5 44. Rxh5+ Kg6 45. Rd5 Kf7 46. cxb5
Rxb5 47. Rxd6 Rb3 48. Rd3 c4 49. Re3 Rxa3 50. Ke4 Rb3 51. Kd4 a3 52. Bh4 a2 53.
Re7+ Kg6 54. Ra7 Rb2 55. Bg5 1-0

[Event "Tournoi des Commanditaires"]
[Site "Gatineau CAN"]
[Date "2014.03.11"]
[Round "3"]
[White "Menard, Marc"]
[Black "Danis, Jacques"]
[Result "1-0"]
[WhiteElo "1456"]
[BlackElo "1528"]
[PlyCount "117"]
[EventDate "2014.02.25"]
[EventType "swiss"]
[EventRounds "4"]
[EventCountry "CAN"]

1. e4 g6 2. d4 Bg7 3. Nf3 d6 4. Nc3 e6 5. Be2 Ne7 6. O-O b6 7. Re1 O-O 8. Bf4
Bb7 9. Qd2 a6 10. Bh6 Nd7 11. Bxg7 Kxg7 12. a4 Nf6 13. Bf1 c5 14. Rad1 d5 15.
exd5 cxd4 16. Nxd4 Nexd5 17. g3 Nxc3 18. Qxc3 Qe7 19. Bg2 Rac8 20. Qb3 Bxg2 21.
Kxg2 Qc5 22. Re3 Nd5 23. Red3 Rfe8 24. h4 h6 25. c3 Rc7 26. R1d2 Rec8 27. Qd1
b5 28. axb5 axb5 29. Qf3 b4 30. cxb4 Qxb4 31. h5 g5 32. Nf5+ exf5 33. Rxd5 Qe4
34. Rxf5 Qxf3+ 35. Rxf3 Rc2 36. Rd7 R8c7 37. Rxc7 Rxc7 38. b4 Rb7 39. Rb3 Rb5
40. g4 Kf6 41. Kf3 Ke5 42. Ke3 f6 43. f3 Kd6 44. Kd4 Kc6 45. Kc4 Re5 46. b5+
Kb6 47. Rd3 Kc7 48. b6+ Kxb6 49. Rd6+ Kc7 50. Rxf6 Re3 51. Kd4 Ra3 52. Ke4 Kd7
53. Rxh6 Ke7 54. Rg6 Ra4+ 55. Ke3 Ra5 56. h6 Kf7 57. Rg7+ Kf8 58. Rg6 Kf7 59.
h7 1-0

[Event "Tournoi des Commanditaires"]
[Site "Gatineau CAN"]
[Date "2014.03.11"]
[Round "3"]
[White "Raymond, Daniel"]
[Black "Legault, Stephane"]
[Result "0-1"]
[WhiteElo "1599"]
[BlackElo "1525"]
[PlyCount "74"]
[EventDate "2014.02.25"]
[EventType "swiss"]
[EventRounds "4"]
[EventCountry "CAN"]

1. e4 e5 2. Nf3 Nc6 3. Bb5 Nd4 4. Nxd4 exd4 5. c3 c6 6. Be2 Bc5 7. O-O Nf6 8.
d3 h6 9. b4 Bb6 10. Bb2 dxc3 11. Nxc3 Bd4 12. Qc2 d6 13. h3 g5 14. Nd1 Be5 15.
d4 Bf4 16. g3 Bxh3 17. Re1 Rg8 18. Bf1 Qd7 19. e5 dxe5 20. dxe5 Nh5 21. Kh2 Bf5
22. Qb3 Bg4 23. gxf4 gxf4 24. Bh3 Qd2 25. Qc3 Qd8 26. Rg1 Qh4 27. Rxg4 Rxg4 28.
Qf3 Rg3 29. fxg3 fxg3+ 30. Kg2 Nf4+ 31. Kg1 Nxh3+ 32. Kf1 Nf4 33. Ne3 O-O-O 34.
Qg4+ Qxg4 35. Nxg4 Rd2 36. Ba3 g2+ 37. Kg1 Nh3+ 0-1

[Event "Tournoi des Commanditaires"]
[Site "Gatineau CAN"]
[Date "2014.03.11"]
[Round "3"]
[White "Rose, Richard"]
[Black "Jobin, Gilles G"]
[Result "1-0"]
[WhiteElo "1908"]
[BlackElo "1789"]
[PlyCount "51"]
[EventDate "2014.02.25"]
[EventType "swiss"]
[EventRounds "4"]
[EventCountry "CAN"]

1. e4 g6 2. d4 Bg7 3. Nf3 d6 4. Bc4 Nf6 5. Nc3 c6 6. Bb3 O-O 7. h3 b5 8. a3 a5
9. O-O Ba6 10. e5 Ne8 11. e6 f6 12. Re1 d5 13. Ne2 Bc8 14. Nf4 Nc7 15. h4 Qd6
16. Qe2 Re8 17. c3 Bh6 18. g3 g5 19. hxg5 fxg5 20. Bc2 gxf4 21. Qd3 Bg7 22.
Bxf4 Qxf4 23. Qxh7+ Kf8 24. gxf4 Nxe6 25. Qf5+ Bf6 26. Rxe6 1-0

[Event "Tournoi des Commanditaires"]
[Site "Gatineau CAN"]
[Date "2014.03.11"]
[Round "3"]
[White "Scantland, Patrick"]
[Black "Seguin, Hubert"]
[Result "1-0"]
[WhiteElo "1798"]
[BlackElo "1593"]
[PlyCount "71"]
[EventDate "2014.02.25"]
[EventType "swiss"]
[EventRounds "4"]
[EventCountry "CAN"]

1. e4 c5 2. Nf3 d6 3. d4 cxd4 4. Nxd4 Nc6 5. c4 g6 6. Nc3 Bd7 7. Be3 Bg7 8. Qd2
Nf6 9. Be2 O-O 10. O-O e6 11. Rad1 Ne8 12. Ndb5 Bxc3 13. Qxc3 Qf6 14. Qxf6 Nxf6
15. Nxd6 b6 16. f4 e5 17. fxe5 Ng4 18. Bxg4 Bxg4 19. Rd2 Nxe5 20. Bd4 f6 21.
Bxe5 fxe5 22. b4 Rad8 23. Rxf8+ Kxf8 24. c5 Ke7 25. Kf2 Rd7 26. Ke3 bxc5 27.
bxc5 Rc7 28. Rd5 Ke6 29. h3 Bd1 30. Nc4 Ba4 31. Rxe5+ Kf6 32. Kd4 Bb5 33. Nd6
Bc6 34. g4 g5 35. Re8 Bxe8 36. Nxe8+ 1-0

[Event "Tournoi des Commanditaires"]
[Site "Gatineau CAN"]
[Date "2014.03.18"]
[Round "4"]
[White "Berthiaume, Serge"]
[Black "Labelle, Raymond"]
[Result "1-0"]
[WhiteElo "1500"]
[BlackElo "1310"]
[PlyCount "123"]
[EventDate "2014.02.25"]
[EventType "swiss"]
[EventRounds "4"]
[EventCountry "CAN"]

1. d4 Nf6 2. Nf3 e6 3. c4 b6 4. Nc3 Bb4 5. Qc2 Bb7 6. a3 Be7 7. e4 d6 8. Bd3 g6
9. Bh6 Ng4 10. Bd2 O-O 11. h3 Nf6 12. O-O-O Nbd7 13. e5 dxe5 14. dxe5 Nh5 15.
Be4 Bxe4 16. Nxe4 f6 17. g4 Ng7 18. exf6 Nxf6 19. Bh6 Qc8 20. Neg5 Rd8 21. Ne5
Bd6 22. Nc6 Rd7 23. Bxg7 Bf4+ 24. Kb1 Bxg5 25. f4 Kxg7 26. fxg5 Ne8 27. Qc3+
Kg8 28. Qe5 Ng7 29. Qf6 Qe8 30. Qf3 Rd6 31. Rxd6 cxd6 32. Ne7+ Kh8 33. Qb7 Rd8
34. Rf1 Ra8 35. Nc6 Qc8 36. Rf7 Qxb7 37. Rxb7 e5 38. Nxa7 Re8 39. Rxb6 Re6 40.
c5 dxc5 41. Rxe6 Nxe6 42. Nb5 e4 43. Nc3 e3 44. a4 Nd4 45. a5 Ne6 46. Kc1 Nc7
47. Kd1 Kg8 48. Ke2 Kf7 49. Kxe3 Ke6 50. Ke4 Na6 51. b3 Nb4 52. Na4 Kd6 53. Nb6
Na6 54. Nc4+ Kc6 55. Ke5 Kb5 56. Kd6 Kb4 57. Kc6 Kxb3 58. Kb5 Kc3 59. Nb6 Kd4
60. Kxa6 c4 61. Nxc4 Kxc4 62. Kb6 1-0

[Event "Tournoi des Commanditaires"]
[Site "Gatineau CAN"]
[Date "2014.03.18"]
[Round "4"]
[White "Jobin, Gilles G"]
[Black "Lecorre, Joel"]
[Result "1-0"]
[WhiteElo "1789"]
[BlackElo "1528"]
[PlyCount "59"]
[EventDate "2014.02.25"]
[EventType "swiss"]
[EventRounds "4"]
[EventCountry "CAN"]

1. d4 Nf6 2. Nf3 e6 3. e3 b6 4. Bd3 Bb7 5. O-O Be7 6. Nbd2 d5 7. Ne5 Nfd7 8. f4
Nc6 9. Ndf3 g6 10. Bb5 Ndb8 11. Bd2 f6 12. Nd3 a6 13. Ba4 O-O 14. Bb3 a5 15. c4
Nb4 16. Bxb4 axb4 17. cxd5 exd5 18. f5 c5 19. Nf4 c4 20. Bc2 Bc8 21. fxg6 hxg6
22. Nxg6 Rf7 23. Nfh4 Qd6 24. Nf5 Bxf5 25. Bxf5 Rh7 26. g3 Rh6 27. Nf4 Ra5 28.
Qg4+ Kf8 29. Be6 Rh8 30. Ng6+ 1-0

[Event "Tournoi des Commanditaires"]
[Site "Gatineau CAN"]
[Date "2014.03.18"]
[Round "4"]
[White "Lavergne, Daniel"]
[Black "Menard, Marc"]
[Result "1-0"]
[WhiteElo "1742"]
[BlackElo "1456"]
[PlyCount "95"]
[EventDate "2014.02.25"]
[EventType "swiss"]
[EventRounds "4"]
[EventCountry "CAN"]

1. d4 Nf6 2. c4 e6 3. Nf3 Nc6 4. g3 Be7 5. Nc3 b6 6. Bg2 Bb7 7. O-O O-O 8. e4
d6 9. Qe2 Re8 10. Rd1 Bf8 11. e5 Nd7 12. Bg5 f6 13. exf6 Nxf6 14. Rd2 h6 15.
Bxf6 Qxf6 16. Ne4 Qf7 17. Nh4 g5 18. Nf3 Bg7 19. Nfxg5 hxg5 20. Nxg5 Qf5 21. h4
d5 22. Nxe6 Nb4 23. Re1 Nxa2 24. Kh2 Nb4 25. Bh3 Qf7 26. c5 Re7 27. Qg4 Rae8
28. Qg5 Bc8 29. Nxg7 Qxg7 30. Rxe7 Rxe7 31. Qxg7+ Kxg7 32. Bxc8 Re4 33. Kg2 Kf6
34. g4 Nc6 35. Bb7 Nxd4 36. f3 Re2+ 37. Rxe2 Nxe2 38. Kf2 Nf4 39. cxb6 axb6 40.
h5 d4 41. Be4 c5 42. h6 Nh3+ 43. Ke2 Ng5 44. Kd3 Nxe4 45. Kxe4 Kg6 46. g5 b5
47. f4 b4 48. f5+ 1-0